LEADER 00976nam0 2200277 450 001 000021566 005 20090115112122.0 100 $a20090115d1978----km-y0itay50------ba 101 0 $aita 102 $aIT 105 $ay-------001yy 200 1 $aTeoria e tecnica delle imposte sui redditi$fMario Maccarone 210 $aMilano$cA. Giuffrè$d1978 215 $a2 v.$d25 cm 225 2 $a<>ordinamento tributario italiano 327 1 $a1.: L'imposta sul reddito delle persone fisiche$a2.: L'imposta sul reddito delle persone giuridiche 410 0$12001$a<>ordinamento tributario italiano 500 10$aTeoria e tecnica delle imposte sui redditi$946640 610 1 $aImposte 700 1$aMaccarone,$bMario$4070$0231510 801 0$aIT$bUNIPARTHENOPE$c20090115$gRICA$2UNIMARC 912 $a000021566 951 $a323/82$b5643$cNAVA2$d2009 951 $a323/83$b5644$cNAVA2$d2009 996 $aTeoria e tecnica delle imposte sui redditi$946640 997 $aUNIPARTHENOPE LEADER 01231nam a22003615i 4500 001 991002251509707536 007 cr nn 008mamaa 008 121227s1996 de | s |||| 0|eng d 020 $a9783540495703 035 $ab14144785-39ule_inst 040 $aBibl. Dip.le Aggr. Matematica e Fisica - Sez. Matematica$beng 082 04$a512.2$223 084 $aAMS 20E42 084 $aAMS 51E24 084 $aAMS 20F32 084 $aAMS 20G30 084 $aAMS 20J05 100 1 $aAbramenko, Peter$061073 245 10$aTwin buildings and applications to S-arithmetic groups$h[e-book] /$cby Peter Abramenko 260 $aBerlin :$bSpringer,$c1996 300 $a1 online resource (x, 130 p.) 440 0$aLecture Notes in Mathematics,$x0075-8434 ;$v1641 650 0$aMathematics 650 0$aGroup theory 650 0$aK-theory 650 0$aGeometry 773 0 $aSpringer eBooks 856 40$uhttp://dx.doi.org/10.1007/BFb0094079$zAn electronic book accessible through the World Wide Web 907 $a.b14144785$b03-03-22$c05-09-13 912 $a991002251509707536 996 $aTwin buildings and applications to S-arithmetic groups$9262427 997 $aUNISALENTO 998 $ale013$b05-09-13$cm$d@ $e-$feng$gde $h0$i0 LEADER 01204nam0 22002891i 450 001 VAN0019424 005 20160510030022.610 010 $a88-7021-343-9 100 $a20040709d1987 |0itac50 ba 101 $aita 102 $aIT 105 $a|||| ||||| 200 1 $aCespugli e arbusti selvatici$ein natura e in giardino$fReinhard Witt$gedizione italiana curata e ampliata da Massimo Pandolfi, Fabio Padovan 210 $aPadova$cMuzzio$d1987 215 $a209 p.$cill.$d20 cm. 620 $dPadova$3VANL000007 676 $a582.17$cArbusti$v22 700 1$aWitt$bReinhard$3VANV015593$074506 702 1$aPadovan$bFabio$3VANV015594 702 1$aPandolfi$bMassimo$3VANV015589 712 $aMuzzio $3VANV108373$4650 801 $aIT$bSOL$c20230630$gRICA 899 $aBIBLIOTECA DEL DIPARTIMENTO DI SCIENZE E TECNOLOGIE AMBIENTALI BIOLOGICHE E FARMACEUTICHE$1IT-CE0101$2VAN17 912 $aVAN0019424 950 $aBIBLIOTECA DEL DIPARTIMENTO DI SCIENZE E TECNOLOGIE AMBIENTALI BIOLOGICHE E FARMACEUTICHE$d17CONS Jb18 $e17FSA859 20040709 $sBuono 996 $aCespugli e arbusti selvatici$91427786 997 $aUNICAMPANIA